| 000 | 00377nam a2200169Ia 4500 | ||
|---|---|---|---|
| 008 | 210210b1840 xxu||||| |||| 00| 0 eng d | ||
| 041 | _aeng | ||
| 082 | _a492/10 | ||
| 100 | _aSHAKESPEAR (J) | ||
| 245 | _aSelections in Hindustani | ||
| 260 |
_aLondon _b- _c1840 |
||
| 650 | _aSelections | ||
| 650 | _ain | ||
| 650 | _aHindustani | ||
| 690 | _aLanguage | ||
| 906 | _a007049 | ||
| 999 |
_c141089 _d141089 |
||